=LDR 00000nam 2200000 4500 =001 INLIS000000000033946 =005 20130612135854 =008 ***********************************ind** =035 ##$$0010-061300000033946 =041 ##$$a ind =082 ##$$a 634.04 =090 ##$$a 634.04, Sun p =100 ##$$a Sunaryono, Hendra =245 ##$$a Pengenalan kenis tanaman buah-buahan dan bercocok tanam buah-buahan penting di indonesia, Hendro sunaryono =260 ##$$a 1985 $b Bandung =300 ##$$a 96 hlm, Ilus, 21 cm =650 ##$$a Buah-Buahan Bercocok tanam =850 ##$$a NBPNMAT